000 00446nam a2200193Ia 4500
008 210210b1944 xxu||||| |||| 00| 0 eng d
041 _aeng
082 _a828/387
100 _aLOWNDES (Belloc)
245 _aWhere love and friendship dwelt
260 _aLondon
_bMacmillan & Co. Ltd.
_c1944
650 _aWhere
650 _alove
650 _afriendship
650 _adwelt
650 _aand
690 _aBiography
906 _a016232
999 _c135653
_d135653